VAISWIK EAVM AYURVEDA DARSAN KE PRIPREKASYA ME TATHWA NIRUPAN (Record no. 8603)

MARC details
000 -LEADER
fixed length control field 00321nam a22001337a 4500
003 - CONTROL NUMBER IDENTIFIER
control field SGT
082 ## - DEWEY DECIMAL CLASSIFICATION NUMBER
Classification number 615.538
Item number V15G
100 ## - MAIN ENTRY--PERSONAL NAME
Personal name GUPTA, SATYAPAL
245 ## - TITLE STATEMENT
Title VAISWIK EAVM AYURVEDA DARSAN KE PRIPREKASYA ME TATHWA NIRUPAN
260 ## - PUBLICATION, DISTRIBUTION, ETC. (IMPRINT)
Place of publication, distribution, etc VARANASI
Name of publisher, distributor, etc RANJAN PUB
Year of Publication 2015
300 ## - PAGE DESCRIPTION
No. of Pages 132
650 ## - SUBJECT ADDED ENTRY--TOPICAL TERM
Topical term or geographic name as entry element AYURVEDA
942 ## - ADDED ENTRY ELEMENTS (KOHA)
Source of classification or shelving scheme Dewey Decimal Classification
Koha item type Books
Holdings
Withdrawn status Lost status Source of classification or shelving scheme Damaged status Not for loan Collection code Home library Current library Shelving location Date acquired Vendor Name Cost, normal purchase price SGTU Bill Number Total Checkouts Full call number Accession No. (Barcode) Date last seen Bill Date Koha item type Use restrictions
    Dewey Decimal Classification     AYURVEDA SGT FA-FP Library SGT FA-FP Library Text Book 26/03/2016 CHAUKHAMBHA 120.00 SGTU CP/B/776   615.538 V15G FA4495 26/03/2016 05/01/2016 Books  
    Dewey Decimal Classification     AYURVEDA SGT FA-FP Library SGT FA-FP Library Reference Book 26/03/2016 CHAUKHAMBHA 120.00 SGTU CP/B/776   615.538 V15G FA4496 26/03/2016 05/01/2016 Books Restricted Access
    Dewey Decimal Classification     AYURVEDA SGT FA-FP Library SGT FA-FP Library Text Book 26/03/2016 CHAUKHAMBHA 120.00 SGTU CP/B/776   615.538 V15G FA4497 26/03/2016 05/01/2016 Books  
    Dewey Decimal Classification     AYURVEDA SGT FA-FP Library SGT FA-FP Library Text Book 26/03/2016 CHAUKHAMBHA 120.00 SGTU CP/B/776   615.538 V15G FA4498 26/03/2016 05/01/2016 Books